| Tag |
First Indicator |
Second Indicator |
Subfields |
| LEADER |
00000cas a2200000 i 4500 |
| 001 |
in00004005713 |
| 005 |
20181024083900.0 |
| 006 |
m o | |
| 007 |
cr ||||||||||| |
| 008 |
100519d19uu1992dcuhr os f0 0eng c |
| 010 |
|
|
|z 2018231264
|
| 035 |
|
|
|a (OCoLC)ocn622910712
|
| 040 |
|
|
|a OCLCE
|b eng
|e rda
|e pn
|c OCLCE
|d OCLCA
|d OCLCQ
|d OCLCF
|d OCLCO
|d OCLCQ
|d GPO
|d MvI
|d UtOrBLW
|
| 042 |
|
|
|a pcc
|a dlr
|
| 043 |
|
|
|a n-us---
|
| 049 |
|
|
|a WWW
|
| 050 |
|
4 |
|a HD5723
|b .O268
|
| 074 |
|
|
|a 0768-A-01 (online)
|
| 074 |
|
|
|a 0768-A-08 (online)
|
| 086 |
0 |
|
|a L 2.3:
|
| 086 |
0 |
|
|a L 2.3/16:
|
| 245 |
0 |
0 |
|a Occupational employment in manufacturing industries.
|
| 264 |
|
1 |
|a [Washington, D.C.] :
|b U.S. Department of Labor, Bureau of Labor Statistics
|
| 300 |
|
|
|a 1 online resouce (volumes).
|
| 310 |
|
|
|a Triennial
|
| 336 |
|
|
|a text
|b txt
|2 rdacontent
|
| 337 |
|
|
|a computer
|b c
|2 rdamedia
|
| 338 |
|
|
|a online resource
|b cr
|2 rdacarrier
|
| 362 |
1 |
|
|a Ceased in 1992.
|
| 490 |
1 |
|
|a Bulletin - U.S. Department of Labor, Bureau of Labor Statistics
|
| 588 |
|
|
|a Description based on: 1977; title from PDF title page (FRASER website, viewed July 31, 2018).
|
| 588 |
|
|
|a Latest issue consulted: December 1985 (FRASER website, viewed July 31, 2018).
|
| 650 |
|
0 |
|a Labor supply
|z United States
|v Statistics
|v Periodicals.
|0 http://id.loc.gov/authorities/subjects/sh2009128417
|
| 650 |
|
0 |
|a Occupations
|z United States
|v Statistics
|v Periodicals.
|
| 650 |
|
0 |
|a Manufactures
|x Employees
|x Supply and demand
|z United States
|v Statistics
|v Periodicals.
|
| 650 |
|
7 |
|a Labor supply.
|2 fast
|0 (OCoLC)fst00990165
|
| 650 |
|
7 |
|a Manufactures
|x Employees
|x Supply and demand.
|2 fast
|0 (OCoLC)fst01008015
|
| 650 |
|
7 |
|a Occupations.
|2 fast
|0 (OCoLC)fst01043384
|
| 651 |
|
7 |
|a United States.
|2 fast
|0 (OCoLC)fst01204155
|
| 655 |
|
7 |
|a Periodicals.
|2 fast
|0 (OCoLC)fst01411641
|
| 655 |
|
7 |
|a Statistics.
|2 fast
|0 (OCoLC)fst01423727
|
| 710 |
1 |
|
|a United States.
|b Bureau of Labor Statistics,
|e issuing body.
|0 http://id.loc.gov/authorities/names/n79076159
|
| 776 |
0 |
8 |
|i Print version:
|t Occupational employment in manufacturing industries
|w (DLC) 94657042
|w (OCoLC)9094169
|
| 785 |
0 |
4 |
|t Occupational employment statistics (Washington, D.C.)
|
| 830 |
|
0 |
|a Bulletin of the United States Bureau of Labor Statistics.
|0 http://id.loc.gov/authorities/names/n42005420
|
| 856 |
4 |
0 |
|u https://purl.fdlp.gov/GPO/gpo106786
|t 0
|
| 999 |
f |
f |
|s 193b678c-0f16-3c9e-bfe4-6aa15f38ef25
|i 24a419f0-4d70-3af5-a8fb-d1426c9578b4
|t 0
|
| 952 |
f |
f |
|a Texas A&M University
|b College Station
|c Electronic Resources
|d Available Online
|t 0
|e L 2.3/16:
|h Superintendent of Documents classification
|
| 998 |
f |
f |
|a L 2.3/16:
|t 0
|l Available Online
|